<?xml version="1.0" encoding="UTF-8"?>
<record
    xmlns:xsi="http://www.w3.org/2001/XMLSchema-instance"
    xsi:schemaLocation="http://www.loc.gov/MARC21/slim http://www.loc.gov/standards/marcxml/schema/MARC21slim.xsd"
    xmlns="http://www.loc.gov/MARC21/slim">

  <leader>01750nam0a2200373   4500</leader>
  <controlfield tag="001">RU\NLR\BIBL_A\011770552</controlfield>
  <controlfield tag="005">20180830111847.0</controlfield>
  <datafield tag="010" ind1=" " ind2=" ">
    <subfield code="a">978-5-90522-806-3</subfield>
    <subfield code="9">100</subfield>
  </datafield>
  <datafield tag="021" ind1=" " ind2=" ">
    <subfield code="a">RU</subfield>
    <subfield code="b">&#x41A;&#x41D;-&#x41F;-18-051600</subfield>
    <subfield code="9">&#x41A;&#x41D;-&#x41F;-18-3715</subfield>
  </datafield>
  <datafield tag="035" ind1=" " ind2=" ">
    <subfield code="a">(NLR Aleph) 011770552</subfield>
  </datafield>
  <datafield tag="035" ind1=" " ind2=" ">
    <subfield code="a">(RuMoRGB)009688052</subfield>
  </datafield>
  <datafield tag="090" ind1=" " ind2=" ">
    <subfield code="a">11725486</subfield>
    <subfield code="c">11725486</subfield>
  </datafield>
  <datafield tag="100" ind1=" " ind2=" ">
    <subfield code="a">20180816d2018    u  y0rusy50      ca</subfield>
  </datafield>
  <datafield tag="101" ind1="0" ind2=" ">
    <subfield code="a">rus</subfield>
  </datafield>
  <datafield tag="102" ind1=" " ind2=" ">
    <subfield code="a">RU</subfield>
  </datafield>
  <datafield tag="105" ind1=" " ind2=" ">
    <subfield code="a">ach|z|||000ay</subfield>
  </datafield>
  <datafield tag="200" ind1="1" ind2=" ">
    <subfield code="a">&#x414;&#x432;&#x435; &#x443;&#x437;&#x434;&#x435;&#x447;&#x43A;&#x438; &#x434;&#x43B;&#x44F; &#x41F;&#x435;&#x433;&#x430;&#x441;&#x430;</subfield>
    <subfield code="e">&#x441;&#x442;&#x438;&#x445;&#x438;. &#x41C;&#x44B;&#x441;&#x43B;&#x438;. &#x410;&#x444;&#x43E;&#x440;&#x438;&#x437;&#x43C;&#x44B;</subfield>
    <subfield code="f">&#x414;&#x43C;&#x438;&#x442;&#x440;&#x438;&#x439; &#x421;&#x43E;&#x441;&#x43D;&#x438;&#x43D;, &#x412;&#x438;&#x43A;&#x442;&#x43E;&#x440; &#x415;&#x43F;&#x438;&#x444;&#x430;&#x43D;&#x43E;&#x432;</subfield>
  </datafield>
  <datafield tag="210" ind1=" " ind2=" ">
    <subfield code="a">&#x41D;&#x438;&#x436;&#x43D;&#x438;&#x439; &#x41D;&#x43E;&#x432;&#x433;&#x43E;&#x440;&#x43E;&#x434;</subfield>
    <subfield code="c">&#x414;&#x44F;&#x442;&#x43B;&#x43E;&#x432;&#x44B; &#x433;&#x43E;&#x440;&#x44B;</subfield>
    <subfield code="d">2018</subfield>
  </datafield>
  <datafield tag="215" ind1=" " ind2=" ">
    <subfield code="a">218 &#x441;.</subfield>
    <subfield code="c">&#x438;&#x43B;., &#x43F;&#x43E;&#x440;&#x442;&#x440;., &#x444;&#x430;&#x43A;&#x441;.</subfield>
    <subfield code="d">21</subfield>
  </datafield>
  <datafield tag="320" ind1=" " ind2=" ">
    <subfield code="a">&#x414;&#x440;. &#x440;&#x430;&#x431;&#x43E;&#x442;&#x44B; 2-&#x433;&#x43E; &#x430;&#x432;&#x442;. &#x432; &#x442;&#x435;&#x43A;&#x441;&#x442;&#x435; &#x430;&#x43D;&#x43D;&#x43E;&#x442;.</subfield>
  </datafield>
  <datafield tag="327" ind1="1" ind2=" ">
    <subfield code="a">&#x421;&#x43E;&#x434;&#x435;&#x440;&#x436;.: &#x41F;&#x435;&#x440;&#x432;&#x430;&#x44F; &#x443;&#x437;&#x434;&#x435;&#x447;&#x43A;&#x430;: &#x441;&#x442;&#x438;&#x445;&#x438; &#x440;&#x430;&#x437;&#x43D;&#x44B;&#x445; &#x43B;&#x435;&#x442; / &#x414;&#x43C;&#x438;&#x442;&#x440;&#x438;&#x439; &#x421;&#x43E;&#x441;&#x43D;&#x438;&#x43D;. &#x412;&#x442;&#x43E;&#x440;&#x430;&#x44F; &#x443;&#x437;&#x434;&#x435;&#x447;&#x43A;&#x430; / &#x412;&#x438;&#x43A;&#x442;&#x43E;&#x440; &#x415;&#x43F;&#x438;&#x444;&#x430;&#x43D;&#x43E;&#x432;</subfield>
  </datafield>
  <datafield tag="464" ind1=" " ind2="0">
    <subfield code="1">2001#$a&#x41F;&#x435;&#x440;&#x432;&#x430;&#x44F; &#x443;&#x437;&#x434;&#x435;&#x447;&#x43A;&#x430;$e&#x441;&#x442;&#x438;&#x445;&#x438; &#x440;&#x430;&#x437;&#x43D;&#x44B;&#x445; &#x43B;&#x435;&#x442;</subfield>
    <subfield code="1">700#1$a&#x421;&#x43E;&#x441;&#x43D;&#x438;&#x43D;$b&#x414;.&#x421;.$g&#x414;&#x43C;&#x438;&#x442;&#x440;&#x438;&#x439; &#x421;&#x442;&#x430;&#x43D;&#x438;&#x441;&#x43B;&#x430;&#x432;&#x43E;&#x432;&#x438;&#x447;</subfield>
  </datafield>
  <datafield tag="464" ind1=" " ind2="0">
    <subfield code="1">2001#$a&#x412;&#x442;&#x43E;&#x440;&#x430;&#x44F; &#x443;&#x437;&#x434;&#x435;&#x447;&#x43A;&#x430;</subfield>
    <subfield code="1">700#1$a&#x415;&#x43F;&#x438;&#x444;&#x430;&#x43D;&#x43E;&#x432;$b&#x412;. &#x41D;.$g&#x412;&#x438;&#x43A;&#x442;&#x43E;&#x440; &#x41D;&#x438;&#x43A;&#x43E;&#x43B;&#x430;&#x435;&#x432;&#x438;&#x447;</subfield>
  </datafield>
  <datafield tag="686" ind1="2" ind2=" ">
    <subfield code="a">&#x428;6(2=&#x420;)8-5&#x421;&#x43E;&#x441;&#x43D;&#x438;&#x43D;</subfield>
  </datafield>
  <datafield tag="686" ind1="2" ind2=" ">
    <subfield code="a">&#x428;6(2=&#x420;)8-5&#x415;&#x43F;&#x438;&#x444;&#x430;&#x43D;&#x43E;&#x432;</subfield>
  </datafield>
  <datafield tag="700" ind1=" " ind2="1">
    <subfield code="a">&#x421;&#x43E;&#x441;&#x43D;&#x438;&#x43D;</subfield>
    <subfield code="b">&#x414;. &#x421;.</subfield>
    <subfield code="g">&#x414;&#x43C;&#x438;&#x442;&#x440;&#x438;&#x439; &#x421;&#x442;&#x430;&#x43D;&#x438;&#x441;&#x43B;&#x430;&#x432;&#x43E;&#x432;&#x438;&#x447;</subfield>
  </datafield>
  <datafield tag="701" ind1=" " ind2="1">
    <subfield code="a">&#x415;&#x43F;&#x438;&#x444;&#x430;&#x43D;&#x43E;&#x432;</subfield>
    <subfield code="b">&#x412;. &#x41D;.</subfield>
    <subfield code="g">&#x412;&#x438;&#x43A;&#x442;&#x43E;&#x440; &#x41D;&#x438;&#x43A;&#x43E;&#x43B;&#x430;&#x435;&#x432;&#x438;&#x447;</subfield>
  </datafield>
  <datafield tag="942" ind1=" " ind2=" ">
    <subfield code="c">BOOK</subfield>
  </datafield>
  <datafield tag="980" ind1=" " ind2=" ">
    <subfield code="a">NBR</subfield>
  </datafield>
  <datafield tag="980" ind1=" " ind2=" ">
    <subfield code="a">NB</subfield>
  </datafield>
</record>
